Normal view
MARC view
Entry Topical Term
001 - CONTROL NUMBER
- control field: 3099
003 - CONTROL NUMBER IDENTIFIER
- control field: OSt
005 - DATE AND TIME OF LATEST TRANSACTION
- control field: 20150729121500.0
008 - FIXED-LENGTH DATA ELEMENTS
- fixed length control field: 150729|| aca||aabn | a|a d
040 ## - CATALOGING SOURCE
- Original cataloging agency: OSt
- Transcribing agency: OSt
150 ## - HEADING--TOPICAL TERM
- Topical term or geographic name entry element: Production
670 ## - SOURCE DATA FOUND
- Source citation: Work cat.: (OSt)3823: Ray, Rajat K. 3098, Entrepreneurship And Industry In India 1800 1̜947, 1992









